| 000 | 00704nas1a22002411i 4500 | ||
|---|---|---|---|
| 001 | RU\NLR\INFOCOMM_49\5000054892 | ||
| 005 | 20240726070857.0 | ||
| 035 | _a(NLR Aleph) 003438783 | ||
| 090 |
_a2894400 _c2894400 |
||
| 100 | _a20050915c1936 |||y0rusy50 ba | ||
| 101 | 0 | _ager | |
| 102 | _aRU | ||
| 110 | _azyuz|||0|y| | ||
| 200 | 1 |
_aJahresbericht für das Jahr ... _fVsesojuznoje objedinenije Exportljon. Alleinigerexporteur für flachs & sämtliche leinenerzecnisse der U.d.S.S.R. |
|
| 210 |
_aMoskau _d1936- |
||
| 710 | 0 | 2 |
_aExportljon _4070 |
| 801 | 1 |
_aRU _bInfoComm _c20050915 |
|
| 801 | 0 |
_aRU _bNLR _gPSBO |
|
| 852 |
_aNLR _jP43/31 |
||
| 942 | _cSE | ||
| 980 | _aINPER | ||